[Event "2009 Standard Chess Dropout Tournament, Round 1"]
[Site "SchemingMind.com"]
[Date "2008.11.15"]
[Round "1"]
[White "Stephen"]
[Black "cedriczg"]
[Result "1-0"]
[WhiteCountry "ENG"]
[BlackCountry "URU"]
[WhiteElo "1944"]
[WhiteRD "105"]
[BlackElo "1641"]
[BlackRD "111"]
[GameID "178473"]

1. d4 Nf6 2. Nf3 g6 3. Nc3 d5 4. Bf4 Nc6 5. Nb5 e5 6. dxe5 Nh5 7. Bg5 Be7 8. Bxe7 Nxe7 9. e3 O-O 10. Be2 Nf5
11. g4 Nxe3 12. fxe3 Bxg4 13. Qd2 Re8 14. O-O-O a6 15. Nc3 c6 16. Rhg1 Bf5 17. Nd4 Ng7 18. Nxf5 Nxf5 19. e4 dxe4 20. Qxd8 Raxd8
21. Rxd8 Rxd8 22. Nxe4 Nd4 23. Bd1 Kg7 24. Nc5 b6 25. Nd3 c5 26. b3 a5 27. Nb2 b5 28. a4 b4 29. Nc4 Re8 30. Re1 Nc6
31. Bg4 Re7 32. Bf3 Nd4 33. Bh1 Ra7 34. Bd5 h5 35. Nd6 Ne6 36. Bxe6 fxe6 37. Kd2 g5 38. Rf1 g4 39. Rf6 Re7 40. Ke3 Kh7
41. Kf4 Rg7 42. Rxe6 h4 43. Nf5 g3 44. Rh6+
1-0

[Event "2009 Standard Chess Dropout Tournament, Round 1"]
[Site "SchemingMind.com"]
[Date "2008.11.12"]
[Round "1"]
[White "stephen horton"]
[Black "boojiboy"]
[Result "0-1"]
[WhiteCountry "USA"]
[BlackCountry "USA"]
[WhiteElo "1335"]
[WhiteRD "212"]
[BlackElo "1782"]
[BlackRD "92"]
[GameID "178474"]

1. e4 e6 2. Nc3 c5 3. Nf3 Nc6 4. Bb5 Nge7 5. O-O a6 6. Ba4 b5 7. Bxb5 axb5 8. Nxb5 Ng6 9. d3 Be7 10. a4 O-O
11. b3 Ba6 12. Ba3 Bxb5 13. axb5 Qb6 14. Qd2 Nce5 15. Qc3 Nxf3+ 16. gxf3 Nf4 17. Kh1 d6 18. Rg1 Ng6 19. f4 Bf6 20. Rge1 Bxc3
0-1

[Event "2009 Standard Chess Dropout Tournament, Round 1"]
[Site "SchemingMind.com"]
[Date "2008.11.10"]
[Round "1"]
[White "sthorwall"]
[Black "dsplit"]
[Result "1-0"]
[WhiteCountry "USA"]
[BlackCountry "NED"]
[WhiteElo "1739"]
[WhiteRD "60"]
[BlackElo "1717"]
[BlackRD "70"]
[GameID "178475"]

1. e4 e5 2. Nf3 Nc6 3. d4 exd4 4. c3 dxc3 5. Bc4 cxb2 6. Bxb2 d6 7. O-O Be6 8. Nbd2 Nf6 9. Bxe6 fxe6 10. Ng5 Qe7
11. Qb3 Nd8 12. Rac1 h6 13. Ngf3 e5 14. Nh4 Qd7 15. f4 exf4 16. Ng6 Rg8 17. Bxf6 Qf7 18. Bxd8 Qxb3 19. Nxb3 Kxd8 20. Rxf4 Kd7
21. Rf7+
1-0

[Event "2009 Standard Chess Dropout Tournament, Round 1"]
[Site "SchemingMind.com"]
[Date "2008.11.10"]
[Round "1"]
[White "Teagy"]
[Black "Fiesty 50"]
[Result "0-1"]
[WhiteCountry "ENG"]
[BlackCountry "ENG"]
[WhiteElo "1866"]
[WhiteRD "78"]
[BlackElo "2237"]
[BlackRD "123"]
[GameID "178477"]

1. e4 c5 2. Nc3 Nc6 3. d3 g6 4. g3 Bg7 5. Bg2 d6 6. f4 Nf6 7. Nf3 O-O 8. O-O Rb8 9. h3 b5 10. Rb1 b4
11. Ne2 Qa5 12. Be3 Qxa2 13. g4 Qa5 14. f5 Bd7 15. g5 Nh5 16. Nh2 Nd4 17. Nf4 Nxf4 18. Rxf4 gxf5 19. Qh5 Nxc2 20. Rh4 h6
21. gxh6 Bxb2 22. Kh1 Nxe3
0-1

[Event "2009 Standard Chess Dropout Tournament, Round 1"]
[Site "SchemingMind.com"]
[Date "2008.11.11"]
[Round "1"]
[White "Templar"]
[Black "occult"]
[Result "0-1"]
[WhiteCountry "AUS"]
[BlackCountry "ROU"]
[WhiteElo "1476"]
[WhiteRD "85"]
[BlackElo "1803"]
[BlackRD "102"]
[GameID "178478"]

1. e4 c5 2. Nf3 d6 3. d4 cxd4 4. Nxd4 Nf6 5. Nc3 g6 6. Be3 Bg7 7. f3 O-O 8. Qd2 Nc6 9. h4 h5 10. Bc4 Ne5
11. Bb3 Bd7 12. O-O-O Rc8
0-1

[Event "2009 Standard Chess Dropout Tournament, Round 1"]
[Site "SchemingMind.com"]
[Date "2008.11.11"]
[Round "1"]
[White "thebirdolux"]
[Black "Brendan Joseph Birt"]
[Result "1-0"]
[WhiteCountry "USA"]
[BlackCountry "USA"]
[WhiteElo "2301"]
[WhiteRD "71"]
[BlackElo "1867"]
[BlackRD "86"]
[GameID "178480"]

1. Nf3 c5 2. c4 g6 3. d4 cxd4 4. Nxd4 Nc6 5. e4 Nf6 6. Nc3 d6 7. Be2 Nxd4 8. Qxd4 Bg7 9. Be3 O-O 10. Qd2 Be6
11. O-O Qa5 12. Rab1 Rfc8 13. b3 Ng4 14. Nd5 Qxd2 15. Bxd2 Kf8 16. Bg5 Bxd5 17. exd5 Nf6 18. Rfe1 h6 19. Be3 b6 20. a4 Ne4
21. Bd3 Nc5 22. Bc2 Rc7 23. g3 Na6 24. Bd2 Nb8 25. Re2 Nd7 26. Kg2 f5 27. Rbe1 Re8 28. g4 fxg4 29. Bxg6 Rec8 30. Rxe7 Nf6
31. R7e6 Rd8 32. Bc3
1-0

[Event "2009 Standard Chess Dropout Tournament, Round 1"]
[Site "SchemingMind.com"]
[Date "2008.11.15"]
[Round "1"]
[White "Theodoric"]
[Black "mateinhundred"]
[Result "1/2-1/2"]
[WhiteCountry "ENG"]
[BlackCountry "USA"]
[WhiteElo "2071"]
[WhiteRD "73"]
[BlackElo "2119"]
[BlackRD "115"]
[GameID "178482"]

1. e4 c6 2. d4 d5 3. exd5 cxd5 4. c4 Nf6 5. c5 b6 6. b4 a5 7. b5 bxc5 8. dxc5 e5 9. c6 Bc5 10. Nc3 Bb4
11. Bd2 Bxc3 12. Bxc3 d4 13. Bb2 a4 14. Ba3 Qa5+ 15. Qd2 Qxd2+ 16. Kxd2 Ne4+ 17. Ke1 Be6 18. Nf3 f6 19. Bd3 Nc3 20. Kd2 Nxa2
21. Rhe1 Kf7 22. c7 Nd7 23. Nxd4 exd4 24. Rxa2 Rhc8 25. Rc2 Ra7 26. b6 Nxb6 27. Rc6 Bd5 28. Rxb6 Raxc7= 29. Rb4 Bb3 30. Rxd4 h6
31. Bf5 Ra8 32. f4 g6=
1/2-1/2

[Event "2009 Standard Chess Dropout Tournament, Round 1"]
[Site "SchemingMind.com"]
[Date "2008.11.15"]
[Round "1"]
[White "toguints"]
[Black "Pedro666"]
[Result "0-1"]
[WhiteCountry "PHI"]
[BlackCountry "POL"]
[WhiteElo "1403"]
[WhiteRD "72"]
[BlackElo "2085"]
[BlackRD "88"]
[GameID "178483"]

1. d4 Nf6 2. Nc3 g6 3. Nf3 Bg7 4. e4 d6 5. Be2 O-O 6. O-O c6 7. b3 b5 8. e5 dxe5 9. dxe5 Ng4 10. Qxd8 Rxd8
11. Bf4 Nd7 12. Ne4 Ndxe5 13. Bxe5 Nxe5 14. Nxe5 Bxe5 15. Rae1 Bf5 16. Bf3 Rac8 17. Rc1 c5 18. Rfe1 c4 19. Ng5 Bf4
0-1

[Event "2009 Standard Chess Dropout Tournament, Round 1"]
[Site "SchemingMind.com"]
[Date "2008.11.10"]
[Round "1"]
[White "TONYTODD11"]
[Black "John Elburg"]
[Result "0-1"]
[WhiteCountry "ENG"]
[BlackCountry "NED"]
[WhiteElo "1498"]
[WhiteRD "80"]
[BlackElo "2378"]
[BlackRD "93"]
[GameID "178484"]

1. e4 e6 2. d4 d5 3. e5 c5 4. b3 Nc6 5. Bb5 Qa5+ 6. Nc3 Qxc3+ 7. Bd2 Qxd4 8. Nf3 Qe4+ 9. Be2 Nxe5 10. Nh4 Qxh4
11. Bc3 d4 12. g3 Qe4 13. f3 Nxf3+ 14. Kf1 Nd2+
0-1

[Event "2009 Standard Chess Dropout Tournament, Round 1"]
[Site "SchemingMind.com"]
[Date "2008.11.10"]
[Round "1"]
[White "TRFz"]
[Black "agrillage"]
[Result "1-0"]
[WhiteCountry "GBR"]
[BlackCountry "MLT"]
[WhiteElo "2250"]
[WhiteRD "68"]
[BlackElo "2088"]
[BlackRD "90"]
[GameID "178485"]

1. d4 c5 2. d5 g6 3. e4 d6 4. f4 Bg7 5. Nf3 Nf6 6. Bb5+ Bd7 7. Bxd7+ Nbxd7 8. Nc3 O-O 9. a4 a6 10. O-O b5
11. e5 dxe5 12. fxe5 Ng4 13. axb5 axb5 14. Rxa8 Qxa8 15. e6 fxe6 16. dxe6 Nde5 17. Nxb5 Nxf3+ 18. Rxf3 Rxf3 19. Qxf3 Qxf3 20. gxf3 Ne5
21. Kf2 Nc6 22. f4 Nb4 23. Be3 c4 24. b3 cxb3 25. cxb3 Nc6 26. Bc5 Bh6 27. Kf3 Kg7 28. Nd4
1-0

[Event "2009 Standard Chess Dropout Tournament, Round 1"]
[Site "SchemingMind.com"]
[Date "2008.11.10"]
[Round "1"]
[White "Tyler"]
[Black "cleverman"]
[Result "1-0"]
[WhiteCountry "SUI"]
[BlackCountry "USA"]
[WhiteElo "1858"]
[WhiteRD "173"]
[BlackElo "1537"]
[BlackRD "83"]
[GameID "178486"]

1. e4 c5 2. Nf3 Nc6 3. d4 cxd4 4. Nxd4 Qb6 5. Nb3 Nf6 6. Nc3 g6 7. Nd5 Nxd5 8. exd5 Nd8 9. Be3 Qb4+ 10. c3 Qa4
11. Bd4 f6 12. Bd3 Bg7 13. Qe2 e6 14. Bb5 Qxb5 15. Qxb5 O-O 16. Qa5 Nf7 17. Bxa7 d6 18. Nd4 exd5 19. O-O Bd7 20. Qb6 Rfd8
21. Qxb7
1-0

[Event "2009 Standard Chess Dropout Tournament, Round 1"]
[Site "SchemingMind.com"]
[Date "2008.11.10"]
[Round "1"]
[White "tyler199"]
[Black "KaliYuga"]
[Result "0-1"]
[WhiteCountry "CAN"]
[BlackCountry "IRL"]
[WhiteElo "1701"]
[WhiteRD "54"]
[BlackElo "1885"]
[BlackRD "92"]
[GameID "178487"]

1. e4 c5 2. Nf3 d6 3. d4 cxd4 4. Nxd4 Nf6 5. Nc3 g6 6. f3 Bg7 7. Be3 a6 8. Qd2 Nbd7 9. Bc4 b5 10. Bb3 Bb7
11. Bh6 O-O 12. Bxg7 Kxg7 13. Nde2 Ne5 14. O-O Qb6+ 15. Kh1 Nc4 16. Bxc4 bxc4 17. Nf4 e5 18. Nfe2 Rab8 19. b3 Rfd8 20. g4 h5
21. gxh5 Nxh5 22. Nd5 Bxd5 23. Qxd5 cxb3 24. cxb3 Qe3 25. Rae1 Nf6 26. Qc6 Rbc8 27. Qxa6 Ra8 28. Qc4 Rxa2 29. Nc1 Rxh2+ 30. Kxh2 Rh8+
31. Kg2 Qg5+
0-1

[Event "2009 Standard Chess Dropout Tournament, Round 1"]
[Site "SchemingMind.com"]
[Date "2008.11.15"]
[Round "1"]
[White "Arno Aartsen"]
[Black "echecs"]
[Result "0-1"]
[WhiteCountry "NED"]
[BlackCountry "ENG"]
[WhiteElo "1581"]
[WhiteRD "124"]
[BlackElo "1815"]
[BlackRD "59"]
[GameID "178488"]

1. d4 e6 2. e4 d5 3. e5 c5 4. Nf3 Nc6 5. c3 Bd7 6. g3 Nge7 7. Bg2 Nf5 8. O-O cxd4 9. cxd4 Qb6 10. b3 Nfxd4
11. Be3 Bc5 12. Re1 Nxf3+ 13. Bxf3 Nxe5 14. Bxc5 Nxf3+ 15. Qxf3 Qxc5 16. Qc3 Qxc3 17. Nxc3 O-O 18. Ne2 h6 19. Rac1 Rfc8 20. Rxc8+ Rxc8
21. Rc1 Rxc1+ 22. Nxc1 Kf8 23. Nd3 b6 24. Kg2 a5 25. Kf3 Ke7 26. Kf4 f6 27. Ke3 Kd6 28. f4 g5 29. Kd4 Bb5 30. Ke3 Bxd3
31. Kxd3 Kc5 32. Kc3 b5 33. a3 b4+ 34. axb4+ axb4+ 35. Kd3 f5 36. h3 gxf4 37. gxf4 h5 38. h4 d4 39. Kd2 Kd5 40. Kd3 Kc5
41. Kd2 Kd6 42. Kd3 Kd5 43. Kd2 Ke4 44. Ke2 Kxf4 45. Kd3 e5 46. Kd2 e4 47. Ke2 d3+ 48. Kd1 Ke3 49. Ke1 f4 50. Kf1 d2
51. Kg1 d1=Q+ 52. Kg2 f3+ 53. Kh2 Qe2+ 54. Kg3 Qg2#
0-1

[Event "2009 Standard Chess Dropout Tournament, Round 1"]
[Site "SchemingMind.com"]
[Date "2008.11.15"]
[Round "1"]
[White "Ursus"]
[Black "bull mccabe"]
[Result "1-0"]
[WhiteCountry "INT"]
[BlackCountry "IRL"]
[WhiteElo "1692"]
[WhiteRD "79"]
[BlackElo "1696"]
[BlackRD "82"]
[GameID "178489"]

1. e4 c5 2. b4 cxb4 3. a3 d5 4. exd5 Qxd5 5. Nf3 e5 6. axb4 Bxb4 7. c3 Be7 8. Na3 Nc6 9. Bc4 Qd8 10. Qb3 Nh6
11. d4 exd4 12. Bxh6 gxh6 13. Bxf7+
1-0

[Event "2009 Standard Chess Dropout Tournament, Round 1"]
[Site "SchemingMind.com"]
[Date "2008.11.10"]
[Round "1"]
[White "Vempiria-Melissa-Axelsson"]
[Black "baobab"]
[Result "0-1"]
[WhiteCountry "GBR"]
[BlackCountry "ITA"]
[WhiteElo "1327"]
[WhiteRD "98"]
[BlackElo "1713"]
[BlackRD "86"]
[GameID "178490"]

1. e4 c5 2. Nc3 Nc6 3. f4 e5 4. Nf3 exf4 5. Bc4 d6 6. d4 cxd4 7. Nxd4 Qh4+ 8. g3 fxg3 9. hxg3 Qxh1+ 10. Bf1 Bh3
11. Qd3 Nxd4 12. Be3 Nf3+ 13. Kd1 Bxf1 14. Qb5+ Bxb5+
0-1

[Event "2009 Standard Chess Dropout Tournament, Round 1"]
[Site "SchemingMind.com"]
[Date "2008.11.13"]
[Round "1"]
[White "wilfried"]
[Black "demiurg"]
[Result "1-0"]
[WhiteCountry "GER"]
[BlackCountry "HUN"]
[WhiteElo "2464"]
[WhiteRD "93"]
[BlackElo "2332"]
[BlackRD "68"]
[GameID "178491"]

1. d4 d5 2. c4 c6 3. Nc3 Nf6 4. Nf3 a6 5. e3 b5 6. b3 Bg4 7. Be2 e6 8. O-O Bd6 9. h3 Bh5 10. Qc2 O-O
11. e4 dxe4 12. Nxe4 Nxe4 13. Qxe4 Bg6 14. Qe3 Nd7 15. c5 Bb8 16. Ne5 Qc7 17. f4 Nxe5 18. dxe5 Rd8 19. Bb2 a5 20. g4 h6
21. Rad1 Ba7 22. Kh2 Qe7 23. Rd6 Rxd6 24. cxd6 Bxe3 25. dxe7 Be4 26. f5 Bc5 27. f6 gxf6 28. exf6 Bd6+ 29. Kg1 Bc5+ 30. Rf2 Bd5
31. Kf1 Bxf2 32. Kxf2 a4 33. bxa4 bxa4 34. a3 Rb8 35. Be5 Rc8 36. Bd3
1-0

[Event "2009 Standard Chess Dropout Tournament, Round 1"]
[Site "SchemingMind.com"]
[Date "2008.11.10"]
[Round "1"]
[White "willygor"]
[Black "Derek"]
[Result "1-0"]
[WhiteCountry "ARG"]
[BlackCountry "INT"]
[WhiteElo "1832"]
[WhiteRD "111"]
[BlackElo "1575"]
[BlackRD "129"]
[GameID "178492"]

1. e4 d6 2. f4 g6 3. Nf3 Bg7 4. d4 e5 5. dxe5 Bg4 6. exd6 Bxf3 7. Qxf3 Qxd6 8. e5 Qb6 9. Bd3 Nc6 10. c3 Nge7
11. Na3 O-O-O 12. Nc4 Qc5 13. Be3 Qd5 14. Be2 Qxf3 15. Bxf3 Kb8 16. O-O h5 17. Rfd1 Rxd1+ 18. Rxd1 Rd8 19. Rxd8+ Nxd8 20. Kf2 Nf5
21. Bd2 Ne6 22. Be4 Nh6 23. Kf3 Bf8 24. b4 b6 25. h3 Be7 26. g4 hxg4+ 27. hxg4 Ng8 28. Bd5 Kc8 29. Bxe6+ fxe6 30. f5 exf5
31. gxf5 gxf5 32. e6 Bf8 33. Kf4 Bh6+ 34. Kxf5 Bxd2 35. Nxd2 Kd8 36. Nf3 Ke7 37. Nd4
1-0

[Event "2009 Standard Chess Dropout Tournament, Round 1"]
[Site "SchemingMind.com"]
[Date "2008.11.10"]
[Round "1"]
[White "Wolli"]
[Black "marks"]
[Result "1-0"]
[WhiteCountry "GER"]
[BlackCountry "PHI"]
[WhiteElo "1826"]
[WhiteRD "76"]
[BlackElo "1744"]
[BlackRD "86"]
[GameID "178493"]

1. d4 d5 2. c4 Nf6 3. Nf3 c6 4. e3 Bf5 5. Nc3 e6 6. Bd3 Bxd3 7. Qxd3 Bd6 8. c5 Bc7 9. O-O Nbd7 10. Bd2 Qe7
11. a4 O-O 12. b4 e5 13. Qe2 e4 14. Ne1 Rfe8 15. b5 Qe6 16. bxc6 bxc6 17. Nc2 Ng4 18. h3 Nh6 19. Nb4 Rab8 20. Na6 Rb7
21. Nxc7 Rxc7 22. Rab1 f5 23. Na2 Nf6 24. Nb4 g5 25. Na6 Rg7 26. Rb3 g4 27. hxg4 Nhxg4 28. g3 Nh5 29. Rfb1 Nxf2 30. Qxh5 Nd3
31. Rb8 Rxg3+ 32. Kh2
1-0

[Event "2009 Standard Chess Dropout Tournament, Round 2"]
[Site "SchemingMind.com"]
[Date "2009.03.04"]
[Round "2"]
[White "aadaam"]
[Black "Aadsje"]
[Result "0-1"]
[WhiteCountry "INT"]
[BlackCountry "NED"]
[WhiteElo "1739"]
[WhiteRD "49"]
[BlackElo "2208"]
[BlackRD "59"]
[GameID "194230"]

1. d4 Nf6 2. c4 e6 3. Nc3 c5 4. d5 exd5 5. cxd5 Bd6 6. e4 Qe7 7. Bd3 c4 8. Bc2 O-O 9. Nge2 Na6 10. Ng3 g6
11. O-O b6 12. Re1 Nb4 13. e5 Bxe5 14. f4 Bd4+ 15. Kh1 Ng4
0-1

[Event "2009 Standard Chess Dropout Tournament, Round 2"]
[Site "SchemingMind.com"]
[Date "2009.03.04"]
[Round "2"]
[White "Aadsje"]
[Black "acteon"]
[Result "1-0"]
[WhiteCountry "NED"]
[BlackCountry "COL"]
[WhiteElo "2238"]
[WhiteRD "60"]
[BlackElo "1709"]
[BlackRD "107"]
[GameID "194231"]

1. e4 c6 2. Nf3 d5 3. Nc3 dxe4 4. Nxe4 Bf5 5. Ng3 Bg4 6. h3 Bxf3 7. Qxf3 e6 8. Be2 Nf6 9. O-O Nbd7 10. d4 Bd6
11. c4 O-O 12. a3 b6 13. Qxc6 Bxg3 14. fxg3 Rc8 15. Qf3 Qe7 16. Bd2 Rfe8 17. Bb4 Qd8 18. Bd6 Nb8 19. Be5 Nc6 20. Rad1 Nxe5
21. dxe5 Nd7 22. Qxf7+ Kh8 23. Rxd7
1-0

[Event "2009 Standard Chess Dropout Tournament, Round 2"]
[Site "SchemingMind.com"]
[Date "2009.03.04"]
[Round "2"]
[White "acteon"]
[Black "bernadjm"]
[Result "0-1"]
[WhiteCountry "COL"]
[BlackCountry "ESP"]
[WhiteElo "1706"]
[WhiteRD "111"]
[BlackElo "2279"]
[BlackRD "123"]
[GameID "194232"]

1. e4 e6 2. d4 d5 3. exd5 exd5 4. c4 Nf6 5. Nc3 Be7 6. Nf3 O-O 7. Bd3 dxc4 8. Bxc4 Bg4 9. Qd3 Nc6 10. a3 Bxf3
11. gxf3 Qxd4 12. Qxd4 Nxd4 13. Bd3 Nxf3+ 14. Ke2 Ne5 15. Bc2 Rad8 16. Bf4 Nc6 17. Bxc7 Nd4+ 18. Kd3 Nb3+ 19. Bxd8 Rxd8+ 20. Kc4 Nd2+
21. Kb5 Rd6 22. Rad1 a6+ 23. Ka4 Rd4+ 24. b4 Nd7 25. Rxd2 Nc5+
0-1

[Event "2009 Standard Chess Dropout Tournament, Round 2"]
[Site "SchemingMind.com"]
[Date "2009.03.04"]
[Round "2"]
[White "admiradordebrahms"]
[Black "agrillage"]
[Result "0-1"]
[WhiteCountry "COL"]
[BlackCountry "MLT"]
[WhiteElo "1848"]
[WhiteRD "67"]
[BlackElo "2071"]
[BlackRD "94"]
[GameID "194233"]

1. e4 c5 2. Nf3 g6 3. c3 Bg7 4. Bc4 e6 5. O-O Nc6 6. Re1 Nge7 7. d4 cxd4 8. Nxd4 O-O 9. Nxc6 dxc6 10. Be3 b6
11. Nd2 c5 12. b4 cxb4
0-1

[Event "2009 Standard Chess Dropout Tournament, Round 2"]
[Site "SchemingMind.com"]
[Date "2009.02.27"]
[Round "2"]
[White "Andreas Flato"]
[Black "Faloan"]
[Result "0-1"]
[WhiteCountry "GER"]
[BlackCountry "GER"]
[WhiteElo "1743"]
[WhiteRD "73"]
[BlackElo "2211"]
[BlackRD "103"]
[GameID "194234"]

1. e4 d6 2. Nc3 Nf6 3. f4 g6 4. Nf3 Bg7 5. d4 c5 6. Bb5+ Bd7 7. O-O Bxb5 8. Nxb5 Nxe4 9. dxc5 Nxc5 10. Rb1 O-O
11. c4 Nc6 12. b4 Ne6 13. Be3 Rc8 14. Nxa7 Nxa7 15. Bxa7 Rxc4 16. g3 Qc7 17. Be3 Ra8 18. Rf2 Ra3 19. Rb3 Rxb3 20. axb3 Rc3
21. Bd2 Rc2 22. Be3 Rxf2 23. Kxf2 Qc3 24. Bd2 Qb2 25. Ke1 Nd4 26. Nxd4 Bxd4 27. Kf1 Qa1 28. Qxa1 Bxa1 29. Ke2 f5 30. Kd3 Kf7
31. b5 e5 32. fxe5 dxe5 33. Be3 Ke6 34. Kc4 Bd4 35. Bxd4 exd4 36. Kxd4 Kd6 37. b4 g5 38. h3 b6
0-1

[Event "2009 Standard Chess Dropout Tournament, Round 2"]
[Site "SchemingMind.com"]
[Date "2009.02.27"]
[Round "2"]
[White "agrillage"]
[Black "Stephen"]
[Result "0-1"]
[WhiteCountry "MLT"]
[BlackCountry "ENG"]
[WhiteElo "2071"]
[WhiteRD "94"]
[BlackElo "2002"]
[BlackRD "108"]
[GameID "194235"]

1. e4 d5 2. d4 dxe4 3. Nc3 Nf6 4. f3 exf3 5. Nxf3 Bg4 6. h3 Bxf3 7. Qxf3 c6 8. Be3 e6 9. Bd3 Nbd7 10. O-O Be7
11. Rf2 O-O 12. Raf1 Qc7 13. Ne4 Rad8 14. g4 Nxe4 15. Qxe4 Nf6 16. Qf3 Nd5 17. Bd2 c5 18. g5 cxd4 19. Bxh7+ Kxh7 20. Qh5+ Kg8
21. Rxf7 Qe5 22. h4 Bd6 23. R1f2 Ne3 24. Qg6 Qg3+ 25. Kh1 Qxh4+ 26. Kg1 Qg4+ 27. Kh1 Qd1+ 28. Rf1 Qxf1+
0-1

[Event "2009 Standard Chess Dropout Tournament, Round 2"]
[Site "SchemingMind.com"]
[Date "2009.02.27"]
[Round "2"]
[White "andy146"]
[Black "Rekursiv"]
[Result "0-1"]
[WhiteCountry "POL"]
[BlackCountry "USA"]
[WhiteElo "1699"]
[WhiteRD "69"]
[BlackElo "2079"]
[BlackRD "94"]
[GameID "194236"]

1. d4 d5 2. Nf3 Nf6 3. c4 c6 4. Nc3 e6 5. Bg5 dxc4 6. e4 b5 7. e5 h6 8. exf6 hxg5 9. fxg7 Bxg7 10. Ne5 Nd7
11. Nxc6 Qb6 12. d5 Bb7 13. a4 exd5 14. axb5 Bxc6 15. bxc6 Qxb2 16. cxd7+ Kd8 17. Nxd5 Qxa1 18. Qxa1 Bxa1 19. Bxc4 Kxd7 20. O-O Be5
21. g3 Rad8 22. Ne3 f6 23. Rd1+ Kc6 24. Bd5+ Kc5 25. Rc1+ Kb4 26. Rb1+ Kc5 27. Rc1+ Kd6 28. Rc6+ Kd7 29. Nc4 Bd4 30. Nd6 Rb8
31. Nf7 Rhe8 32. Nd6 Re2 33. Nb5 Rxb5
0-1

[Event "2009 Standard Chess Dropout Tournament, Round 2"]
[Site "SchemingMind.com"]
[Date "2009.02.27"]
[Round "2"]
[White "Apatchenlama"]
[Black "andy146"]
[Result "1/2-1/2"]
[WhiteCountry "GER"]
[BlackCountry "POL"]
[WhiteElo "1763"]
[WhiteRD "104"]
[BlackElo "1738"]
[BlackRD "67"]
[GameID "194237"]

1. d4 Nf6 2. c4 e6 3. Nc3 Bb4 4. Qc2 O-O 5. Bg5 h6 6. Bh4 c5 7. e3 Nc6 8. Nf3 b6 9. dxc5 Bxc5 10. a3 Bb7
11. Be2 Rc8 12. Rd1 Be7 13. O-O d6 14. Rd2 Qc7 15. Nb5 Qb8 16. Bxf6 Bxf6 17. Nxd6 Rcd8 18. Nxb7 Rxd2 19. Nxd2 Qxb7 20. Bf3 Rc8
21. b4 Qe7 22. Rd1 Ne5 23. Be2 a5 24. Qb3 Nc6 25. Ne4 Be5 26. f4 Bc7 27. b5 Nb8 28. Qc3 e5 29. f5 Nd7 30. Bg4 Nf6
31. Nxf6+ Qxf6 32. e4 Rd8 33. Rd5 Bd6 34. a4 Bc5+ 35. Kh1 Qg5 36. Bf3 Bd4 37. Qd3 Rc8 38. h3 Qc1+=
1/2-1/2

[Event "2009 Standard Chess Dropout Tournament, Round 2"]
[Site "SchemingMind.com"]
[Date "2009.03.04"]
[Round "2"]
[White "Apocalypse"]
[Black "John M. Sargent"]
[Result "1-0"]
[WhiteCountry "USA"]
[BlackCountry "ENG"]
[WhiteElo "2580"]
[WhiteRD "68"]
[BlackElo "2387"]
[BlackRD "101"]
[GameID "194238"]

1. e4 e5 2. Nf3 Nc6 3. Bc4 Bc5 4. b4 Bxb4 5. c3 Ba5 6. d4 exd4 7. O-O Nge7 8. cxd4 d5 9. exd5 Nxd5 10. Ba3 Be6
11. Nbd2 Bb4 12. Bxb4 Ncxb4 13. Ne4 O-O 14. Nc5 Rb8 15. Rc1 Bf5 16. Ne5 Nb6 17. Qf3 Qf6 18. Bb3 c6 19. Rfe1 h6 20. h3 N4d5
21. a4 a5 22. Bxd5 cxd5 23. Rc3 Rfe8 24. Rce3 Re7 25. Nc4 Rxe3 26. Nxe3 Bg6 27. Qxf6 gxf6 28. Rc1 Kg7 29. Rc3 Re8 30. f3 h5
31. h4 Rb8 32. Kf2 Bh7 33. Rb3 Nc4 34. Rxb7 Rxb7 35. Nxb7 Nxe3 36. Kxe3 Bf5 37. Nxa5 Bd7 38. Nb7 Bxa4 39. Nc5 Bc6 40. Nd3 f5
41. Nf4 Kh6 42. Kd2 Bd7 43. Nxd5 Bb5 44. Ke3 Bf1 45. Nf4 Bb5 46. d5 Bd7 47. Kd4 Bc8 48. Kc5
1-0

[Event "2009 Standard Chess Dropout Tournament, Round 2"]
[Site "SchemingMind.com"]
[Date "2009.02.28"]
[Round "2"]
[White "Archr"]
[Black "Kobiahshi"]
[Result "1-0"]
[WhiteCountry "USA"]
[BlackCountry "USA"]
[WhiteElo "1569"]
[WhiteRD "88"]
[BlackElo "1654"]
[BlackRD "68"]
[GameID "194239"]

1. e4 c5 2. Nf3 d6 3. d4 cxd4 4. Nxd4 Nf6 5. Nc3 a6 6. Be3 e6 7. g4 h5 8. g5 Ng4 9. Qd2 Nxe3 10. Qxe3 e5
11. Nf5 g6 12. Ng3 Bg7 13. O-O-O Be6 14. h4 Nc6 15. Bh3 Bxh3 16. Rxh3 O-O 17. Nge2 Qd7 18. f4 exf4 19. Nxf4 b5 20. Ncd5 Rae8
21. Re1 Bd4 22. Qd3 Be5 23. c3 Qa7 24. Qe3 Nd4 25. cxd4 Bxd4 26. Qd3 Rc8+ 27. Kb1 Be5 28. Rhh1 Rb8 29. Rhg1 Kg7 30. Rc1 Qf2
31. Ne2 Qxh4 32. Rcf1 Rfd8 33. Nd4 Qh2 34. Qe2 Qh3 35. Qf3 Qxf3 36. Nxf3 a5 37. Nxe5 Rb7 38. Nc6 Ra8 39. Rf6 a4 40. Ncb4 Rd8
41. Nc6 Re8 42. Nde7 b4 43. Rd1 Rd7 44. Rdxd6 Rdxe7 45. Nxe7 Rxe7 46. Rd4 Rb7 47. e5 a3 48. b3 Kh7 49. e6 Kg7 50. Rd7
1-0

[Event "2009 Standard Chess Dropout Tournament, Round 2"]
[Site "SchemingMind.com"]
[Date "2009.03.04"]
[Round "2"]
[White "Artur"]
[Black "Archr"]
[Result "1-0"]
[WhiteCountry "POL"]
[BlackCountry "USA"]
[WhiteElo "1812"]
[WhiteRD "89"]
[BlackElo "1569"]
[BlackRD "88"]
[GameID "194240"]

1. e4 e5 2. Nf3 Nc6 3. Bc4 Bc5 4. c3 Nf6 5. d4 exd4 6. cxd4 Bb4+ 7. Bd2 Bxd2+ 8. Nbxd2 d5 9. exd5 Nxd5 10. Qb3 Na5
11. Qa4+ Nc6 12. O-O O-O 13. Bb5 Nce7 14. Rfe1 c6 15. Bd3 Bd7 16. Qc2 Nb4 17. Bxh7+ Kh8 18. Qb3 Nbd5 19. Be4 Qc7 20. Ne5 Be6
21. g4 Nf6 22. Qh3+ Kg8 23. Bd3 Rad8 24. Ndf3 g6 25. Ng5 Rxd4 26. Nxe6 fxe6 27. g5 Nh7 28. Qxe6+ Kg7 29. Nxg6 Rxf2 30. Kxf2 Qxh2+
31. Ke3 Nd5+ 32. Kxd4 Qxb2+ 33. Ke4 Nxg5+ 34. Kf5 Nxe6 35. Kxe6 Qf6+ 36. Kd7 Qf7+= 37. Ne7 Kf8 38. Rf1 Nf6+ 39. Rxf6 Qxf6 40. Rf1
1-0

[Event "2009 Standard Chess Dropout Tournament, Round 2"]
[Site "SchemingMind.com"]
[Date "2009.03.04"]
[Round "2"]
[White "Ashmaster"]
[Black "C. H. O'D. Schlechter"]
[Result "0-1"]
[WhiteCountry "IRL"]
[BlackCountry "USA"]
[WhiteElo "1978"]
[WhiteRD "100"]
[BlackElo "2434"]
[BlackRD "82"]
[GameID "194241"]

1. d4 Nf6 2. c4 c5 3. d5 e5 4. Nc3 d6 5. e4 Nbd7 6. g3 g6 7. Bg2 Bg7 8. Nge2 O-O 9. O-O Nh5 10. Kh1 a6
11. Be3 f5 12. f4 Ndf6 13. Qd2 Ng4 14. fxe5 Nxe3 15. Qxe3 Bxe5 16. Nf4 Nxf4 17. gxf4 Bd4 18. Qd2 fxe4 19. Nxe4 Bf5 20. Rae1 b5
21. cxb5 axb5 22. a3 Re8 23. Qe2 Qd7 24. Qd2 Kh8 25. Ng3 Bg4 26. f5 Rxe1 27. Rxe1 gxf5 28. Re6 Rg8 29. h3 Bxh3 30. Bxh3 Rxg3
31. Qh6 Qf7 32. Rxd6 Rg1+ 33. Kh2 Qg8 34. Qf4 Rh1+
0-1